| 000 | 00319nam a2200109Ia 4500 | ||
|---|---|---|---|
| 008 | 230907s9999||||xx |||||||||||||| ||und|| | ||
| 082 |
_a621.183 _bTAP |
||
| 100 |
_aTaplin, Harry _9115779 |
||
| 245 |
_aBoiler plant and distribution system optimization manual / _cHarry Taplin. |
||
| 260 | _c2019-09-27 | ||
| 942 |
_2ddc _cEB |
||
| 999 |
_c599615 _d599615 |
||